000 00779nam2a2200205 4500
001 RU\NLR\PER_A\010883886_000280
005 20250625084902.0
035 _a(NLR Aleph) 022013038
090 _a12489251
_c12489251
100 _a20230828d2023 |||y0rusy50 ca
101 0 _aeng
102 _aRU
200 0 _aVol. 10, iss. 2
210 _d2023
_aБ. м.
461 0 _1001RU\NLR\Perin\1090868
_12001#$aBRICS law journal$ean independent, professional peer-reviewed academic legal journal$vVol. 10, iss. 2
_910516361
_aBRICS, association
_cMoscow
_d2015-
_nLLC V. Em Publishing House
_oan independent, professional peer-reviewed academic legal journal
_tBRICS law journal
_x2409-9058
_vVol. 10, iss. 2
852 _aNLR
_jP22/7271
942 _cISSUE
980 _aNB
980 _aINPER